Normal view
MARC view
Entry Personal Name
001 - CONTROL NUMBER
- control field: 1103
003 - CONTROL NUMBER IDENTIFIER
- control field: OSt
005 - DATE AND TIME OF LATEST TRANSACTION
- control field: 20250820111419.0
008 - FIXED-LENGTH DATA ELEMENTS
- fixed length control field: 250820|| aca||aabn | a|a d
040 ## - CATALOGING SOURCE
- Original cataloging agency: OSt
- Transcribing agency: OSt
100 ## - HEADING--PERSONAL NAME
- Personal name: Tanisha Gupta
670 ## - SOURCE DATA FOUND
- Source citation: Work cat.: (OSt)20696: Tanisha Gupta, Effect of cyclic meditation on stress levels, anxiety, and depression in higher secondary students., 2025